[Event "Syre Memorial op 20th"]
[Site "Issy les Moulineaux"]
[Date "1997.05.??"]
[Round "?"]
[White "Audin, Gilles"]
[Black "Mohtaji, Javad"]
[Result "1-0"]
[WhiteElo "1830"]
[BlackElo "1970"]
[PlyCount "79"]
[EventDate "1997.05.??"]
[EventType "swiss"]
[EventRounds "9"]
[EventCountry "FRA"]
[SourceTitle "EXT 2007"]
[Source "ChessBase"]
[SourceDate "2006.11.23"]
[SourceVersion "1"]
[SourceVersionDate "2006.11.23"]
[SourceQuality "1"]

1. e4 c5 2. Nf3 e6 3. d4 cxd4 4. Nxd4 a6 5. Bd3 Qc7 6. Qe2 Bc5 7. Nb3 Ba7 8. 0-0 Nc6 9. Be3 Bxe3 10. Qxe3 Nf6 11. Kh1 b5 12. f4 d6 13. Qg3 Qe7 14. e5 dxe5 15. fxe5 Nd7 16. Re1 Bb7 17. N1d2 0-0 18. Nf3 h6 19. a3 Rad8 20. Re4 Ncxe5 21. Nxe5 Bxe4 22. Bxe4 Nxe5 23. Qxe5 f5 24. Bf3 Rd6 25. Nd4 Qd7 26. c3 Rd8 27. Re1 Kf7 28. h3 g6 29. Bd1 Rd5 30. Qe3 Re8 31. Bb3 Rd6 32. Qxh6 Kf6 33. Nf3 Qf7 34. Qf4 Qe7 35. Qe5+ Kf7 36. Ng5+ Qxg5 37. Qxd6 Qf6 38. Qxa6 Re7 39. Qxb5 Kg7 40. a4 1-0

[Event "Syre Memorial op 20th"]
[Site "Issy les Moulineaux"]
[Date "1997.05.??"]
[Round "?"]
[White "Audin, Gilles"]
[Black "Van Nuvel, Jean Michel"]
[Result "1/2-1/2"]
[WhiteElo "1830"]
[BlackElo "1770"]
[PlyCount "49"]
[EventDate "1997.05.??"]
[EventType "swiss"]
[EventRounds "9"]
[EventCountry "FRA"]
[SourceTitle "EXT 2007"]
[Source "ChessBase"]
[SourceDate "2006.11.23"]
[SourceVersion "1"]
[SourceVersionDate "2006.11.23"]
[SourceQuality "1"]

1. e4 e6 2. d4 d5 3. Nc3 Nf6 4. Bg5 Bb4 5. e5 h6 6. exf6 hxg5 7. fxg7 Rg8 8. Qg4 Qf6 9. h4 gxh4 10. Rxh4 Qxg7 11. Qxg7 Rxg7 12. Rh8+ Kd7 13. Nf3 Nc6 14. g3 b6 15. 0-0-0 Bb7 16. Rxa8 Bxa8 17. Bb5 Rh7 18. Ne2 Ke7 19. Nf4 Bd6 20. Nd3 Bb7 21. Bxc6 Bxc6 22. Nde5 Bxe5 23. Nxe5 Bb5 24. Kd2 c5 25. c3 1/2-1/2

[Event "Syre Memorial op 20th"]
[Site "Issy les Moulineaux"]
[Date "1997.05.??"]
[Round "?"]
[White "Pujos, Stephane"]
[Black "Audin, Gilles"]
[Result "1-0"]
[WhiteElo "2210"]
[BlackElo "1830"]
[PlyCount "61"]
[EventDate "1997.05.??"]
[EventType "swiss"]
[EventRounds "9"]
[EventCountry "FRA"]
[SourceTitle "EXT 2007"]
[Source "ChessBase"]
[SourceDate "2006.11.23"]
[SourceVersion "1"]
[SourceVersionDate "2006.11.23"]
[SourceQuality "1"]

1. d4 d5 2. c4 e6 3. Nc3 c6 4. e3 f5 5. Bd3 Bd6 6. Nf3 Nf6 7. Rb1 Ne4 8. Qc2 0-0 9. 0-0 Nd7 10. Ne2 Qf6 11. b4 g5 12. g3 Rf7 13. b5 cxb5 14. cxd5 exd5 15. Rxb5 Nb6 16. Ne5 Rg7 17. f3 Nc5 18. dxc5 Rc7 19. Qb3 Rxc5 20. Rxc5 Bxc5 21. f4 gxf4 22. gxf4 Be6 23. Nd4 Bxd4 24. exd4 Kh8 25. Rf3 Rc8 26. Be3 Nc4 27. Bxc4 dxc4 28. Qxb7 c3 29. Rg3 c2 30. Bc1 Qd8 31. Qg7# 1-0